| 000 | 00000nam##2200000za#4500 |
| 001 | 9.570885 |
| 003 | CaOODSP |
| 005 | 20210624182445 |
| 007 | cr ||||||||||| |
| 008 | 150406|2008||||xxc|||||o f|0| 0 eng|d |
| 040 | |aCaOODSP|beng |
| 043 | |an-cn--- |
| 086 | 1 |aYC17-3-0/392-2E-PDF |
| 110 | 1 |aCanada.|bSenate. |bStanding Committee on Social Affairs, Science and Technology, Subcommittee on Population Health. |
| 245 | 10|aMaternal health and early childhood development in Cuba / |h[electronic resource]|cThe Honourable Wilbert J. Keon, chair ; the Honourable Lucie Pépin, deputy chair. |
| 246 | 3 |aSecond report of the Subcommittee on Population Health of the Standing Senate Committee on Social Affairs, Science and Technology |
| 260 | |aOttawa - Ontario : |bSenate. |cFebruary 2008. |
| 300 | |a40p.|breferences, tables |
| 490 | 1 |aReport of the Senate Subcommittee on Population Health|v39th Parliament, 2nd Session, 2nd report |
| 590 | |a11-12-Supp|b2011-07-29 |
| 775 | 08|tLa santé maternelle et le développement de la petite enfance à Cuba / |w(CaOODSP)9.601529 |
| 830 | #0|aReport of the Senate Subcommittee on Population Health ;|v39th Parliament, 2nd Session, 2nd report|w(CaOODSP)9.505797 |
| 856 | 40|ahttp://publications.gc.ca|qPDF|s262 KB|uhttps://publications.gc.ca/collections/collection_2011/sen/yc17-3-0/YC17-3-0-392-2-eng.pdf|y39th Parliament, 2nd Session, 2nd report |